Contesting Antiquity in Egypt

محفوظ في:

المؤلف الرئيسي: Reid, Donald M.

التنسيق: كتاب

اللغة: Undetermined

منشور في: Cairo American University in Cairo 2015

الموضوعات:

الوسوم: إضافة وسم

لا توجد وسوم, كن أول من يضع وسما على هذه التسجيلة!

رقم الطلب: On Hold

LEADER 00615nam a2200181Ia 4500
005 20260324113530.0
008 260324s9999||||xx |||||||||||||| ||und||
020 |a 978-9774169380 
050 4 |a On Hold 
100 0 |a Reid, Donald M. 
245 1 0 |a Contesting Antiquity in Egypt  |c Reid, Donald M. 
264 1 |a Cairo  |b American University in Cairo  |c 2015 
300 |a 491 pages  |b illustrations, maps   |c 23 cm 
650 4 |a Antiquities 
650 4 |a Archaeologies, Museums, and the Struggle for Identities from World War I to Nasser. 2015.  
650 4 |a Egyptology--History 
650 4 |a Excavations (Archaeology) 
999 |c 61908  |d 61908